<?xml version="1.0" encoding="UTF-8"?>
<record
    xmlns:xsi="http://www.w3.org/2001/XMLSchema-instance"
    xsi:schemaLocation="http://www.loc.gov/MARC21/slim http://www.loc.gov/standards/marcxml/schema/MARC21slim.xsd"
    xmlns="http://www.loc.gov/MARC21/slim">

  <leader>02855nam a2200361 a 4500</leader>
  <controlfield tag="001">ebr10298066</controlfield>
  <controlfield tag="003">CaPaEBR</controlfield>
  <controlfield tag="006">m        u        </controlfield>
  <controlfield tag="007">cr cn|||||||||</controlfield>
  <controlfield tag="008">081210s2009    enka    sb    001 0 eng d</controlfield>
  <datafield tag="010" ind1=" " ind2=" ">
    <subfield code="z">  2008052788</subfield>
  </datafield>
  <datafield tag="020" ind1=" " ind2=" ">
    <subfield code="z">9780470027073</subfield>
  </datafield>
  <datafield tag="020" ind1=" " ind2=" ">
    <subfield code="z">9780470027080</subfield>
  </datafield>
  <datafield tag="020" ind1=" " ind2=" ">
    <subfield code="z">9780470319666</subfield>
  </datafield>
  <datafield tag="040" ind1=" " ind2=" ">
    <subfield code="a">CaPaEBR</subfield>
    <subfield code="c">CaPaEBR</subfield>
  </datafield>
  <datafield tag="035" ind1=" " ind2=" ">
    <subfield code="a">(OCoLC)646822758</subfield>
  </datafield>
  <datafield tag="050" ind1="1" ind2="4">
    <subfield code="a">RC512</subfield>
    <subfield code="b">.C368 2009eb</subfield>
  </datafield>
  <datafield tag="082" ind1="0" ind2="4">
    <subfield code="a">616.89/156</subfield>
    <subfield code="2">22</subfield>
  </datafield>
  <datafield tag="245" ind1="0" ind2="2">
    <subfield code="a">A casebook of family interventions for psychosis</subfield>
    <subfield code="h">[electronic resource] /</subfield>
    <subfield code="c">edited by Fiona Lobban and Christine Barrowclough.</subfield>
  </datafield>
  <datafield tag="260" ind1=" " ind2=" ">
    <subfield code="a">Chichester, West Sussex ;</subfield>
    <subfield code="a">Malden, Mass. :</subfield>
    <subfield code="b">Wiley-Blackwell,</subfield>
    <subfield code="c">2009.</subfield>
  </datafield>
  <datafield tag="300" ind1=" " ind2=" ">
    <subfield code="a">xix, 375 p. :</subfield>
    <subfield code="b">ill.</subfield>
  </datafield>
  <datafield tag="504" ind1=" " ind2=" ">
    <subfield code="a">Includes bibliographical references and index.</subfield>
  </datafield>
  <datafield tag="505" ind1="0" ind2=" ">
    <subfield code="a">Why are family interventions important? : a family member perspective / Martin Gregory -- Family work in early psychosis / Gr&#xFFFD;ainne Fadden &amp; Jo Smith -- A model of family work in first-episode psychosis : managing self-harm / Jean Addington ... [et al.] -- Working with families to prevent relapse in first-episode psychosis / Kingsley Crisp &amp; John Gleeson -- Family intervention for complex cases : substance use and psychosis / Ian Lowens, Samantha E. Bowe &amp; Christine Barrowclough -- Family motivational intervention in early psychosis and cannabis misuse / Maarten Smeerdijk ... [et al.] -- A case of family intervention with a "high EE" family / Juliana Onwumere, Ben Smith &amp; Elizabeth Kuipers -- Coming to terms with mental illness is the family : working constructively through its grief / Virginia Lafond -- Interventions with siblings / Jo Smith, Gr&#xFFFD;ainne Fadden &amp; Michelle O'Shea -- Family intervention with ethnically and culturally diverse groups / Juliana Onwumere, Ben Smith &amp; Elizabeth Kuipers -- Multiple family groups in early psychosis : a brief psychoeducational and therapeutic intervention / David Glentworth -- Meeting the needs of families on inpatient units / Chris Mansell &amp; Gr&#xFFFD;ainne Fadden -- Setting up a family intervention (FI) service : a UK case study / Frank Burbach &amp; Roger Stanbridge -- Overcoming barriers to staff offering family interventions in the NHS / Gr&#xFFFD;ainne Fadden -- The COOL approach / Claudia Benzies, Gwen Butcher &amp; Tom Linton.</subfield>
  </datafield>
  <datafield tag="533" ind1=" " ind2=" ">
    <subfield code="a">Electronic reproduction.</subfield>
    <subfield code="b">Palo Alto, Calif. :</subfield>
    <subfield code="c">ebrary,</subfield>
    <subfield code="d">2013.</subfield>
    <subfield code="n">Available via World Wide Web.</subfield>
    <subfield code="n">Access may be limited to ebrary affiliated libraries.</subfield>
  </datafield>
  <datafield tag="650" ind1=" " ind2="0">
    <subfield code="a">Psychoses.</subfield>
  </datafield>
  <datafield tag="650" ind1=" " ind2="0">
    <subfield code="a">Psychoses</subfield>
    <subfield code="x">Patients</subfield>
    <subfield code="x">Family relationships.</subfield>
  </datafield>
  <datafield tag="650" ind1=" " ind2="0">
    <subfield code="a">Family psychotherapy.</subfield>
  </datafield>
  <datafield tag="655" ind1=" " ind2="7">
    <subfield code="a">Electronic books.</subfield>
    <subfield code="2">local</subfield>
  </datafield>
  <datafield tag="700" ind1="1" ind2=" ">
    <subfield code="a">Lobban, Fiona.</subfield>
  </datafield>
  <datafield tag="700" ind1="1" ind2=" ">
    <subfield code="a">Barrowclough, Christine.</subfield>
  </datafield>
  <datafield tag="710" ind1="2" ind2=" ">
    <subfield code="a">ebrary, Inc.</subfield>
  </datafield>
  <datafield tag="856" ind1="4" ind2="0">
    <subfield code="u">http://site.ebrary.com/lib/rucke/Doc?id=10298066</subfield>
    <subfield code="z">An electronic book accessible through the World Wide Web; click to view</subfield>
  </datafield>
  <datafield tag="999" ind1=" " ind2=" ">
    <subfield code="c">64835</subfield>
    <subfield code="d">64835</subfield>
  </datafield>
</record>
